00621cam a22002051 45000010008000000030004000080050017000120080041000290100017000700400018000870500023001051000020001282400020001482450134001682600030003023000011003326500021003436500028003647000023003921694816OSt20221103083343.0720427s1962 nyu 000 0 eng  a 62009389  aDLCcDLCdDLC00aPN4121b.C25 2016 1 aCarnegie, Dale,10aPublic speaking14aThe quick and easy way to effective speaking.cA revision by Dorothy Carnegie of Public speaking and influencing men in business. aNew York,bOm booksc2016 a218 p. 0aPublic speaking. 0aBusiness presentations.1 aCarnegie, Dorothy,